The spoil of the violent. (Record no. 124691)
[ view plain ]
| 000 -LEADER | |
|---|---|
| fixed length control field | 00730cam a2200265I 4500 |
| 001 - CONTROL NUMBER | |
| control field | 4698470 |
| 003 - CONTROL NUMBER IDENTIFIER | |
| control field | ARRUPE |
| 005 - DATE AND TIME OF LATEST TRANSACTION | |
| control field | 20160422124249.0 |
| 008 - FIXED-LENGTH DATA ELEMENTS--GENERAL INFORMATION | |
| fixed length control field | 800912s1955 enk 000 0 eng c |
| 010 ## - LIBRARY OF CONGRESS CONTROL NUMBER | |
| LC control number | a 56004462 |
| 035 ## - SYSTEM CONTROL NUMBER | |
| System control number | (OCoLC)ocm06705647 |
| 035 ## - SYSTEM CONTROL NUMBER | |
| System control number | (NNC)4698470 |
| 040 ## - CATALOGING SOURCE | |
| Original cataloging agency | VXM |
| Transcribing agency | IDJ |
| Modifying agency | OCL |
| 041 1# - LANGUAGE CODE | |
| Language code of text/sound track or separate title | eng |
| Language code of original and/or intermediate translations of text | fre |
| 098 ## - OTHER CLASSIFICATION SCHEMES (OCLC) | |
| Call number based on other classification scheme | XC |
| 300 ## - PHYSICAL DESCRIPTION | |
| Dimensions | 22 cm. |
| 100 1# - MAIN ENTRY--PERSONAL NAME | |
| Personal name | Mounier, Emmanuel, |
| Dates associated with a name | 1905-1950. |
| 9 (RLIN) | 18775 |
| 245 14 - TITLE STATEMENT | |
| Title | The spoil of the violent. |
| Statement of responsibility, etc | Emmanuel Mounier |
| 260 ## - PUBLICATION, DISTRIBUTION, ETC. (IMPRINT) | |
| Place of publication, distribution, etc | London, |
| Name of publisher, distributor, etc | Harvill Press |
| Date of publication, distribution, etc | 1955 |
| 300 ## - PHYSICAL DESCRIPTION | |
| Extent | 85 p. |
| 500 ## - GENERAL NOTE | |
| General note | Translation of L'affrontement chrétien. |
| 650 #0 - SUBJECT ADDED ENTRY--TOPICAL TERM | |
| Topical term or geographic name as entry element | Existentialism |
| 9 (RLIN) | 1759 |
| 650 #0 - SUBJECT ADDED ENTRY--TOPICAL TERM | |
| Topical term or geographic name as entry element | Christianity and philosophy |
| 9 (RLIN) | 24066 |
| 942 ## - ADDED ENTRY ELEMENTS (KOHA) | |
| Source of classification or shelving scheme | Library of Congress Classification |
| Koha item type | Monograph ( Printed materials) |
| Withdrawn status | Lost status | Source of classification or shelving scheme | Damaged status | Not for loan | Collection code | Home library | Current library | Shelving location | Date acquired | Total Checkouts | Full call number | Barcode | Date last seen | Price effective from | Koha item type |
|---|---|---|---|---|---|---|---|---|---|---|---|---|---|---|---|
| Library of Congress Classification | Main Collection | ARRUPE LIBRARY | ARRUPE LIBRARY | Main Collection | 22/04/2016 | B2430.M69 S6 | 46500006502 | 22/04/2016 | 22/04/2016 | Monograph ( Printed materials) |